The Great Filipino Heroes : (Record no. 9285)

MARC details
000 -LEADER
fixed length control field 00574nam a22001817a 4500
003 - CONTROL NUMBER IDENTIFIER
control field OSt
005 - DATE AND TIME OF LATEST TRANSACTION
control field 20260326052403.0
008 - FIXED-LENGTH DATA ELEMENTS--GENERAL INFORMATION
fixed length control field 260326b |||||||| |||| 00| 0 eng d
020 ## - INTERNATIONAL STANDARD BOOK NUMBER
International Standard Book Number 9716680252
040 ## - CATALOGING SOURCE
Original cataloging agency DWCL GS lib
Transcribing agency OC
082 ## - DEWEY DECIMAL CLASSIFICATION NUMBER
Classification number Res.(Fil.) 920 B33g 1997
100 ## - MAIN ENTRY--PERSONAL NAME
Personal name Batubalani, A.M.
245 ## - TITLE STATEMENT
Title The Great Filipino Heroes :
Remainder of title Supplementary for the Students /
Statement of responsibility, etc. A.M. Batubalani
260 ## - PUBLICATION, DISTRIBUTION, ETC.
Place of publication, distribution, etc. Tondo, Manila
Name of publisher, distributor, etc. Loacan Publishing House
Date of publication, distribution, etc. c1997.
300 ## - PHYSICAL DESCRIPTION
Extent v, 94 pages:
Other physical details illustrations
Dimensions 21cm.
546 ## - LANGUAGE NOTE
Language note English
942 ## - ADDED ENTRY ELEMENTS (KOHA)
Source of classification or shelving scheme Dewey Decimal Classification
Koha item type Book- Reserved
Classification part Res.(Fil.)
Suppress in OPAC No
952 ## - LOCATION AND ITEM INFORMATION (KOHA)
--
952 ## - LOCATION AND ITEM INFORMATION (KOHA)
--
Holdings
Withdrawn status Lost status Source of classification or shelving scheme Damaged status Not for loan Home library Current library Shelving location Date acquired Source of acquisition Total Checkouts Full call number Barcode Date last seen Copy number Price effective from Koha item type Uniform Resource Identifier
    Dewey Decimal Classification     Grade School Library Grade School Library Reserved 03/26/2026 School Fund, Donation   Res.(Fil.) B334g 1997 19726 03/26/2026 c1 03/26/2026 BK-0 CIRC
    Dewey Decimal Classification     Grade School Library Grade School Library Reserved 03/26/2026 School Fund, Donation   Res.(Fil.) B334g 1997 19727 03/26/2026 c2 03/26/2026 BK-0 CIRC